Une lettre suffit pour répondre juste #28 (attention 10 lettres tuent) - Statistiques

Statistiques générales
  • Ce quiz a été pris 69 fois
  • Le résultat moyen est 3 sur 6
Statistiques - réponses
Hint Réponse % Correct
Donne une des 5 lettres qui complèle le nom de l'appareil utilisé pour libérer dans le nez certaines substances sous forme de fines gouttelettes : _ _ _ _ _ nasal SPRAY
100%
Donne une des 4 lettres qui complète le nom du film en extrait : _ _ _ _ ou Voyou
FLIC
68%
Donne une des 3 lettres de l'abrégé d'un film sorti directement à la vente aux particuliers ou à la location sans avoir été au préalable exploité dans une salle de cinéma DTV (Direct-to-video)
45%
Donne une des 2 lettres des initiales de cette humoriste et actrice française (1ere lettre prénom ou 1ere lettre nom)
BK (Bérengère Krief)
32%
Donne la lettre qui est présente 2 fois dans le nom de la capitale (plus grande ville aussi) du Groenland U (nUUk)
9%
Donne la lettre qui est présente 2 fois dans le nom de ce personnage
G (oGGy)
8%
Aucun quiz correspondant
Distribution des résultats
% des personnes avec chaque résultat
Percentile par nombre de réponses
Votre historique - résultats
Vous n’avez pas pris ce quiz